Statistics for UEFA club competition final cities

Click here to take the quiz!

General Stats

  • This quiz has been taken 48 times
    (13 since last reset)
  • The average score is 48 of 66

Answer Stats

Answer% Correct
Athens
100%
Barcelona
100%
Berlin
100%
Istanbul
100%
London
100%
Madrid
100%
Manchester
100%
Moscow
100%
Munich
100%
Piraeus
100%
Rome
100%
Budapest
92%
Dublin
92%
Helsinki
92%
Kyiv
92%
Milan
92%
Paris
92%
Solna
92%
Stockholm
92%
Turin
92%
Warsaw
92%
Amsterdam
85%
Belgrade
85%
Bucharest
85%
Cardiff
85%
Glasgow
85%
Lisbon
85%
Seville
85%
Baku
77%
Brussels
77%
Dortmund
77%
Hamburg
77%
Porto
77%
Prague
77%
Rotterdam
77%
Tirana
77%
Vienna
77%
Belfast
69%
Copenhagen
69%
Décines-Charpieu
69%
Lyon
69%
Bilbao
62%
Birmingham
62%
Cologne
62%
Frankfurt
62%
Gelsenkirchen
62%
Leipzig
62%
Stuttgart
62%
Basel
54%
Bern
54%
Dusseldorf
54%
Monaco
54%
Nuremberg
54%
Antwerp
46%
Bari
46%
Eindhoven
46%
Skopje
46%
Tbilisi
46%
Gdansk
38%
Saint-Denis
38%
Thessaloniki
38%
Wroclaw
38%
Gothenburg
31%
Tallinn
31%
Strasbourg
23%
Trondheim
8%

Score Distribution

Percentile by Number Answered

Percent of People with Each Score

Your Score History

You have not taken this quiz since the last reset